| 000 | 00904cam a2200205 4500 | ||
|---|---|---|---|
| 001 | WB3643-23 | ||
| 008 | 000000n2000 000 0 eng u | ||
| 035 | _a(Sirsi) u109112 | ||
| 245 | _aNew rules could affect tenants' rights | ||
| 260 | _c2000 | ||
| 490 |
_aNFU Business _vNovember 2000, 10(1) |
||
| 520 | _aThe Agricultural Holdings (Units of Production) (England) Order 2000 SI 2000:1984(came into force 12 September 2000), will be used to assess whether land which is the subject of a tenancy forms a unit of commercial land for the purposes of succession to agricultural tenancies. | ||
| 590 | _aWB | ||
| 650 | _aPROPERTY-LANDLORD AND TENANT-TENANCIES-AGRICULTURAL TENANCIES | ||
| 650 | _aAGRICULTURAL HOLDINGS (UNITS OF PRODUCTION) (ENGLAND) ORDER 2000 | ||
| 650 | _aSUCCESSION TO TENANCY | ||
| 650 | _aINHERITANCE | ||
| 690 | _aLANDLORD AND TENANT-AGRICULTURAL TENANCIES | ||
| 942 | _n0 | ||
| 999 |
_c65150 _d65150 |
||